Library Logo

Pioneer International University Library Catalogue

SARA (Record no. 9656)

MARC details
000 -LEADER
fixed length control field 00378nam a22001457a 4500
003 - CONTROL NUMBER IDENTIFIER
control field OSt
005 - DATE AND TIME OF LATEST TRANSACTION
control field 20251021081319.0
008 - FIXED-LENGTH DATA ELEMENTS--GENERAL INFORMATION
fixed length control field 251021b |||||||| |||| 00| 0 eng d
040 ## - CATALOGING SOURCE
Transcribing agency UNITED NATIONS CHILDREN'S FUND
050 ## - LIBRARY OF CONGRESS CALL NUMBER
Classification number PZ 7 .M33 1996
245 ## - TITLE STATEMENT
Title SARA
Remainder of title ZAWADI MAALUM
Statement of responsibility, etc. UNICEF
250 ## - EDITION STATEMENT
Edition statement 1ST EDITION
260 ## - PUBLICATION, DISTRIBUTION, ETC.
Place of publication, distribution, etc. NAIROBI,KENYA
Name of publisher, distributor, etc. UNICEF-ESARO
Date of publication, distribution, etc. 1996
942 ## - ADDED ENTRY ELEMENTS (KOHA)
Source of classification or shelving scheme Library of Congress Classification
Koha item type Books
Suppress in OPAC No
Holdings
Withdrawn status Lost status Source of classification or shelving scheme Damaged status Not for loan Home library Current library Date acquired Total checkouts Date last seen Price effective from Koha item type
    Dewey Decimal Classification     PIU Library PIU Library 10/21/2025   10/21/2025 10/21/2025 Books